00708 a2200193 4500952013400000999001500134050002100149110003600170245007600206264004100282300001200323440002200335500005000357650002800407650002500435650000900460651001300469942003200482 00102Library Of40708NFICaLLbLLcGENd2021-09-29l0oKQE 512 RHO 1972p005244r2021-09-29 00:00:00tc.1w2021-09-29ySERIALS c9940d9940 aKQE 512 RHO 1972 aRhodesia Government (Authority) aRhodesia government gazette :cRhodesia GovernmentbPart 5. (633-787) / aZimbabwe:bGovernment Printer,c1972 a1029p.: aVolume L (part 2) aIncludes bibliographical references and index aSubsidiary legislation  aAfrican councils act aActs aRhodesia 2lcccSERIALSh512iRHOkKQE